Sprostredkovateľská činnosť v právnom poriadku SR

Problematika sprostredkovateľskej činnosti pri uplatňovaní zákona č. 366/1999 Z.z. o daniach z príjmov v znení neskorších predpisov. Sprostredkovateľská činnosť vykonávaná podnikateľským spôsobom. Sprostredkovateľská činnosť ako obchodná živnosť a živnosť poskytujúca služby.

Guardado en:
Detalles Bibliográficos
Autor principal: Kopal, Ladislav
Formato: Capítulo de libro
Lenguaje:eslovaco
Materias:
Etiquetas: Agregar Etiqueta
Sin Etiquetas, Sea el primero en etiquetar este registro!

MARC

LEADER 00000naa a2200000 4500
001 r045963
005 20231002123628.9
041 0 |a slo 
044 |a SK 
245 1 0 |a Sprostredkovateľská činnosť v právnom poriadku SR  |c Ladislav Kopál 
520 |a Problematika sprostredkovateľskej činnosti pri uplatňovaní zákona č. 366/1999 Z.z. o daniach z príjmov v znení neskorších predpisov. Sprostredkovateľská činnosť vykonávaná podnikateľským spôsobom. Sprostredkovateľská činnosť ako obchodná živnosť a živnosť poskytujúca služby. 
610 2 0 |a dane z príjmov 
610 2 0 |a sprostredkovatelia 
610 2 0 |a úpravy právne 
610 2 0 |a podnikatelia 
610 2 0 |a podnikanie 
610 2 0 |a obchod 
610 2 0 |a živnosti 
610 2 0 |a Slovensko 
100 1 |a Kopal, Ladislav